Integration technologies for industrial automated systems (Record no. 47166)

MARC details
000 -LEADER
fixed length control field 00758nam a2200193 a 4500
008 - FIXED-LENGTH DATA ELEMENTS--GENERAL INFORMATION
fixed length control field 100121s2007 ||||||||||||||||| || u
020 ## - INTERNATIONAL STANDARD BOOK NUMBER
International Standard Book Number 0849392624
050 ## - LIBRARY OF CONGRESS CALL NUMBER
Classification number TS 155.63 Int
100 ## - MAIN ENTRY--PERSONAL NAME
Personal name Zurawski, Richard
245 10 - TITLE STATEMENT
Title Integration technologies for industrial automated systems
Statement of responsibility, etc. Edited by Richard Zurawski
260 ## - PUBLICATION, DISTRIBUTION, ETC.
Place of publication, distribution, etc. London:
Name of publisher, distributor, etc. Taylor & Francis
Date of publication, distribution, etc. 2007
300 ## - PHYSICAL DESCRIPTION
Extent xix, various pagings: ill.
350 ## - PRICE (NR) (BK AM CF MU VM SE) [OBSOLETE]
Price 0.00
500 ## - GENERAL NOTE
General note Includes Index
650 ## - SUBJECT ADDED ENTRY--TOPICAL TERM
Topical term or geographic name entry element COMPUTER INTEGRATED MANUFACTURING SYSTEMS
650 ## - SUBJECT ADDED ENTRY--TOPICAL TERM
Topical term or geographic name entry element MANUFACTURING PROCESSES--AUTOMATION
650 ## - SUBJECT ADDED ENTRY--TOPICAL TERM
Topical term or geographic name entry element COMPUTERS
995 ## - RECOMMENDATION 995 [LOCAL, UNIMARC FRANCE]
-- 0.00
-- CBU-MAIN LIBRARY (Kitwe)
-- 1
-- 0.00
-- 1
-- AVAILABLE
-- Mar 10, 2010
-- Main Library Open Access Collection
Holdings
Withdrawn status Lost status Source of classification or shelving scheme Damaged status Not for loan Home library Current library Shelving location Date acquired Total Checkouts Full call number Barcode Date last seen Price effective from Koha item type
          CBU-MAIN LIBRARY, KITWE. CBU-MAIN LIBRARY, KITWE.   11/30/2022   TS 155.63 Int 740931 11/30/2022 11/30/2022 MONOGRAPH